00968nmm a2200253 i 4500999001500000001000600015003000900021005001700030008004100047020001800088040003600106082002000142245009500162264005400257300002900311490004800340504004100388650005000429650006200479700002000541700002300561942001200584952011800596 c1279d127920738BD-DhUAP20200204155521.0200204t20131998enk o j 001 0 eng d z9781853835032 aMiAaPQbEngcBD-DhUAPdBD-DhUAP0 a341.762 FUT22300aFuture generations and international law /cedited by Emmanuel Agius and Salvino Busuttil. 1aNew York :bEarthscan,bRoutledge,cc1998 [2013]. axvi, 206 pages ;c23 cm. aThe law and sustainable development series. aIncludes bibliographical references. 0aEnvironmental law, InternationalvCongresses. 0aSustainable developmentxLaw and legislationvCongresses.1 aAgius, Emanuel.1 aBusuttil, Salvino. 2ddccBK 00102ddc4070aUAPCLbUAPCLcGeneral Stacksd2020-02-04o341.762 FUTp3010020738r2020-02-04t1w2020-02-04yBK